Quizzes
Events
Quiz Creation
Community
Videos
Private Events
Remove Ads
Sign In
Join for FREE
Feedback
Dark Mode
Quiz Categories
Sports
Geography
Music
Movies
Television
Just For Fun
Miscellaneous
History
Literature
Language
Science
Gaming
Entertainment
Religion
Holiday
For Kids
Quiz Lab
Recent
Popular Today
Quiz Kudos Today
Editor Picks
Curator Picks
Quizzes by...
Day
Popularity
Type
Ratings
Length
Year
Community
Subscriptions
Recent Discussions
Orange Saloon
Badges
Playlists
Quests
Create
Leaderboards
Showdown
Live 5
Trivia Bingo
Activity
Puzzle Library
Sporcle Events
Private Events
Virtual Trivia
Globe League
Become a Host
Pub Owners
SporcleCon
Opinionation
Our Games
Videos
Blog
Mobile Apps
Partnerships
Remove Ads and Go Orange
Feedback
Just For Fun
Clickable
Get the Picture
Humor
Quick Pick
Word Ladder
Missing Word
Mixed Word
Blitz
Minefield
This or That
Alphabet
Color
Typing
Sporcle
Puzzle
Word Play
Follow That Line
Logic
Just For Fun
Clickable
Get the Picture
Humor
Quick Pick
Word Ladder
Missing Word
Mixed Word
Blitz
Minefield
This or That
Alphabet
Color
Typing
Sporcle
Puzzle
Word Play
Follow That Line
Logic
Random Quiz
Search Sporcle
×
Quiz Lab
Quiz Lab
Just For Fun
description
Type in answers that appear in a list
Type in answers that appear in a list
Classic
Best Score? Go Orange.
Blackberry Smilies Stats
Can you name the symbols used to denote the various smily symbols on a Blackberry?
By
BigRed
4m
22 Questions
332 Plays
332 Plays
332 Plays
Comments
Comments
Give Quiz Kudos
Give Quiz Kudos
-
- Ratings
hide this ad
More Info
Replay
Link that replays current quiz
Next Quiz
Link to next quiz in quiz playlist
You Got
0%
They Got
Avg Score
57%
Avg Friend Score
Upgrade to see
Score Distribution
Jump to the score distribution portion of the page
Score
0/22
Timer
04:00
0
Plays Today
Description
Smily
% Correct
Smile/
Happy
:)
98.8%
Wink
;)
98.8%
Eyelashes
;;)
98.8%
Sad
:(
94.6%
Crying
:'(
94.6%
Big Smile
:D
79.2%
Tongue Out
:P
78.9%
Sick
:&
78.3%
Surprised
:O
70.5%
Sarcastic
:>
62.3%
Huh?
:|
53.9%
Description
Smily
% Correct
Kiss
:*
53.6%
Lips Are Sealed
:X
51.8%
Confused
:S
49.1%
Angel
O:)
40.4%
Cool
B)
37.3%
Embarrassed
:$
37.3%
Angry
>:O
24.7%
Laughing
=D
20.2%
Raised Eyebrow
|:)
17.8%
Whew
#:-S
13.6%
Devil
>=)
12.3%
Quiz Playlist
Details
Report
Send in Message
Add To Playlist
More Info:
Example: Happy is :) and Sad is :(
Classic:
Type in answers that appear in a list
Last Updated: Feb 16, 2017
Quiz Scoreboard
CHALLENGE
Sign Up to Join the Scoreboard
Show All
Scores
Hide
Comments
May contain spoilers
Recently Published
9x9 Crossword: Cartoon Network
by jackfrog10
Miscellaneous
3m
College Basketball Coaching Resumes
by pancakes188
Sports
9m
Billboard Blitz: Fleetwood Mac
by CooCooCachoo
Music
15s
More to Explore
Quiz From the Vault
Featured Blog Post
Where Did the Easter Bunny Come From?
hide this ad
You Might Also Like...
Tags
Blackberry
denote
description
Symbol
Today's Top Quizzes in Just For Fun
Browse Just For Fun
hide this ad
Today's Top Quizzes in description
Browse description
Top Contributed Quizzes in Just For Fun
1
Name Just One - 10 to 1: Just For Fun
2
Killer Double Trees 224 - Colour Match-Up
3
Spring Typing Challenge
4
Crossword Whiteout! 49
5
Zeroing In: Just For Fun
6
Survivor Winners Logic Puzzle
7
Word Ladder: Ahoy Matey
8
Word Ladder: Wilderness Weapon
9
Harry Potter Logic - 'In Chains' II
10
Kyle's 122nd Triple Trees
Explore More
Trending Topics
NBA
Anime
Harry Potter
Crossword
Marvel
Disney
Kpop
NFL
Song
Soccer
Pokémon
The Office
Puzzle
WWE
Country
hide this ad
More By:
BigRed
Quiz
Plays
Rating
Category
Featured
Created
Songs on the White Album
18,408
4.74
Music
Oct 4, 2009
Multiple Final Four Appearances
5,618
4.08
Sports
Mar 30, 2010
Bill Simmons' Tortured Sports Franchises
3,779
3.17
Sports
Mar 1, 2010
Live Aid Bands
1,438
4.40
Music
Dec 1, 2009
Curling
1,280
4.50
Sports
Feb 20, 2010
Go to Creator's Profile
Score Distribution
Quiz Creator Spotlight
BigRed
Follow
Send a Message
Quizzes Created
-
Created Quiz Play Count
-
More By This Creator
Popular Quizzes Today
1
Find the US States - No Outlines Minefield
2
Find the Countries of Europe - No Outlines Minefield
3
The Countries of the World
4
Find the US States
5
Risky Map Clicking: Biggest States A-Z
6
US States
7
Popular People in 1961
8
Movies - When Are They Set?
More Just For Fun Quizzes
Quick Pick: Braves Hall of Famers
Published
Trending Quizzes
Risky Map Clicking: Least Populous States A-Z
1-10 Letter G Words
1-10 Letter F Words
Risky Map Clicking: Next State Alphabetically
Adjectives in 80s TV Shows
Recently Updated
Leaping Animals
pecheneg
Reality TV Shows (A-Z)
bhenderson79
Rickey Henderson's Hall of Fame Teammates
pecheneg
Champions League XIs: Arsenal
pecheneg
Quick Pick: Celebrities in WWE's Hall of Fame
aduchscher
A-Z Keypad Blitz II
pecheneg
Multiple Oscar Actors
pecheneg
Mystery Phrase Blitz: Oscar 'Best Actors'
pecheneg
F. Scott Fitzgerald Novels
LTH
Pick 3 Villains
ddd62291
Trending Topics
Disney
Marvel
Harry Potter
NBA
Anime
Kpop
Crossword
Pokémon
Puzzle
Soccer
WWE
The Office
NFL
Country
Song
Your Account Isn't Verified!
In order to create a playlist on Sporcle, you need to verify the email address you used during registration. Go to your
Sporcle Settings
to finish the process.
Report this User
Report this user for behavior that violates our
Community Guidelines
.
Details:
Send Report
Go to the Sporcle.com Mobile Site →
Comments